Coldest Cities in Asia - Statistics

General Stats
  • This quiz has been taken 83 times
  • The average score is 13 of 27
Answer Stats
Answer % Correct
Beijing
87%
Seoul
87%
Pyongyang
86%
Harbin
78%
Sapporo
76%
Xian
70%
Ürümqi
67%
Kābul
65%
Tianjin
63%
Shĕnyáng
62%
Dàlián
60%
Tashkent
56%
Ankara
48%
Chángchūn
46%
Qīngdăo
44%
Istanbul
37%
Jinan
37%
Hefei
33%
Shíjiāzhuāng
32%
Tàiyuán
30%
Lanzhou
29%
Mashhad
29%
Línyí
24%
Daegu
22%
Tangshan
14%
Weifang
11%
Xuzhou
8%
No matching quizzes found
Score Distribution
Percent of People with Each Score
Percentile by Number Answered
Your Score History
You have not taken this quiz